Southville International School and Colleges
Your cart is empty.
  • Cart
  • Lists
    Public lists Eva Luna New books Lux_list list_1
    Your lists Log in to create your own lists
  • Log in to your account
  • Your cookies
  • Search history
Southville International School and Colleges
  • Advanced search
  • Recent comments
  • Most popular
  • Libraries

Log in to your account

Log in with GOOGLE


If you do not have an external account, but do have a local account, you can still log in:

  1. Home
  2. MARC view: War in board the room:
Normal view MARC view ISBD view

War in board the room: (Record no. 24297)

[ view plain ]
MARC details
000 -LEADER
fixed length control field 00671nam a2200205 a 4500
005 - DATE AND TIME OF LATEST TRANSACTION
control field 20140310183516.0
008 - FIXED-LENGTH DATA ELEMENTS--GENERAL INFORMATION
fixed length control field 110105s19uu xx 00 eng d
020 ## - INTERNATIONAL STANDARD BOOK NUMBER
International Standard Book Number 9780061669194
050 ## - LIBRARY OF CONGRESS CALL NUMBER
Classification number HF 5415
Item number .R443 2009
100 ## - MAIN ENTRY--PERSONAL NAME
Personal name Ries, Al
245 ## - TITLE STATEMENT
Title War in board the room:
Remainder of title why left-brain management and right -brain marketing don't see eye-to-eye and what to do about it /
Statement of responsibility, etc Al Ries
260 ## - PUBLICATION, DISTRIBUTION, ETC. (IMPRINT)
Place of publication, distribution, etc New York :
Name of publisher, distributor, etc Collins Business,
Date of publication, distribution, etc 2009.
300 ## - PHYSICAL DESCRIPTION
Extent 272 p. :
Other physical details ill. ;
Dimensions 22 cm.
521 ## - TARGET AUDIENCE NOTE
Target audience note
650 ## - SUBJECT ADDED ENTRY--TOPICAL TERM
Topical term or geographic name as entry element Marketing-Psychological aspects.
650 ## - SUBJECT ADDED ENTRY--TOPICAL TERM
Topical term or geographic name as entry element Management-Psychological aspects.
700 ## - ADDED ENTRY--PERSONAL NAME
Personal name Laura Ries
942 ## - ADDED ENTRY ELEMENTS (KOHA)
Koha item type Books
Source of classification or shelving scheme Library of Congress Classification
Call number prefix Foreign
Holdings
Withdrawn status Lost status Source of classification or shelving scheme Damaged status Home library Current library Shelving location Date acquired Source of acquisition Cost, normal purchase price Total Checkouts Full call number Barcode Date last seen Copy number Price effective from Koha item type
    Library of Congress Classification   College Library College Library General Circulation Section 01/05/2011 Donation 1195.00   HF 5415 .R443 2009 C11878 05/15/2018 1 10/18/2013 Books

War in board the room:

APA

Ries A., Laura Ries, . (2009). War in board the room. New York: Collins Business.

Chicago

Ries Al, Laura Ries, . 2009. War in board the room. New York: Collins Business.

Harvard

Ries A., Laura Ries, . (2009). War in board the room. New York: Collins Business.

MLA

Ries Al, Laura Ries, . War in board the room. New York: Collins Business. 2009.

  • Place hold
  • Print
  • Cite
  • Add to your cart (remove)
  • Save record
    BIBTEX Dublin Core MARCXML MARC (non-Unicode/MARC-8) MARC (Unicode/UTF-8) MARC (Unicode/UTF-8, Standard) MODS (XML) RIS
  • More searches
    Search for this title in:
    Other Libraries (WorldCat) Other Databases (Google Scholar) Online Stores (Bookfinder.com) Open Library (openlibrary.org)

Exporting to Dublin Core...

SOUTHVILLE LIBRARY

Southville International School and Colleges Library

1281 Tropical Ave. Cor. Luxembourg St., BF Homes International, Las Pinas City

Tel. No. 8256374 / 252358 Loc. 117/146

Powered by Koha